00525nam a2200169 a 4500008004100000020002300041100001900064245003900083260004600122300007500168440004100243500002000284650002400304003000100328005001700329040000900346  a0534012043 (hbk. ) aMcMurry, John.10aOrganic chemistry /cJohn McMurry. aMonterey :bBrooks/Cole Pub. Co.,c1984. axxv, 1167, [54] p., [2] leaves of plates :bill. (some col.) ;c26 cm. aThe Brooks/Cole series in chemistry. aIncludes index. aChemistry, Organic.20230123133502.0 cNUST